000 00591nam a22001817a 4500
005 20231128133046.0
008 231128b |||||||| |||| 00| 0 eng d
020 _a0409037052
041 _aEnglish
082 _a340.1 KELL
100 _aKellaway, EA
_lEnglish
245 _aPrinciples of Legal Interpretation of Statutes, Contracts and Wills /
_cEA Kellaway
250 _aFirst Edition
260 _aDurban :
_bButterworth Publishers (Pty) Ltd,
_c1995
300 _bxxi, 757 pages ;
_c25,5 cm.
650 _aLegal practice
_bLaw
942 _cBK
_6ALISON_BN_VRIES
999 _c1017
_d1017